00620cam a22001697a 4500008004000000082001900040100002400059245010500083260002300188300001000211500003300221650005100254700002000305700001600325999001900341952009000360180718b1965 xxu||||| |||| 00| 0 eng d aB835x5412 In7g aBhattacharya, Mohit aGovernment in metropolitian Calcutta: a manualcby Mohit Bhattacharya, M.M. Singh and Frank J. Tysen aBombaybAsiac1965 a238p. aCalcutta research studies; 1 aMetropolitan governemnt - West Bengal - India. aTysen, Frank J. aSingh, M.M. c370718d370718 00104070aIIPAbIIPAd1994-06-07oB835x5412 In7gp38492r2018-07-21w2018-07-21yBK